Life or Death in Movie Titles Quiz Stats

 Plays Quiz Updated Jun 26, 2017

Support Sporcle.
Go Orange.
Score 0/50 Timer 06:00
0 Plays Today
Question Answer Wrong Answers
A Bug's _____ (1998)
Dave Foley, Julia Louis-Dreyfus
Life
94.6%
Death
0.3%
It's a Wonderful _____ (1946)
James Stewart, Donna Reed
Life
94.5%
Death
0.3%
_____ of Pi (2012)
Suraj Sharma, Irrfan Khan
Life
94.3%
Death
0.5%
_____ Man Walking (1995)
Susan Sarandon, Sean Penn
Dead
94.3%
Living
0.5%
The Secret _____ of Pets (2016)
(animated) Louis C.K., Eric Stonestreet
Life
94.2%
Death
0.5%
My _____ As A Dog (1985)
Anton Glanzelius, Tomas von Brömssen
Life
94.1%
Death
0.7%
_____ Hard (1988)
Bruce Willis, Alan Rickman
Die
93.9%
Live
0.8%
The Secret _____ of Bees (2008)
Dakota Fanning, Queen Latifah
Life
93.9%
Death
0.9%
The Secret _____ of Walter Mitty (2013)
Ben Stiller, Kristen Wiig
Life
93.9%
Death
0.9%
Don't Tell Mom the Babysitter's _____ (1991)
Christina Applegate, Joanna Cassidy
Dead
93.7%
Alive
1.1%
Dan in Real _____ (2007)
Steve Carell, Juliette Binoche
Life
93.6%
Death
1.2%
_____ Wish (1974)
Charles Bronson, Hope Lange
Death
93.6%
Life
1.2%
_____ Poets Society (1989)
Robin Williams, Robert Sean Leonard
Dead
93.4%
Living
1.4%
The Tree of _____ (2011)
Brad Pitt, Sean Penn
Life
92.8%
Death
2%
Monty Python's The Meaning of _____ (1983)
Eric Idle, Michael Palin
Life
92.6%
Death
2.2%
A Million Ways to _____ in the West (2014)
Seth MacFarlane, Charlize Theron
Die
92.5%
Live
2.4%
Shaun of the _____ (2004)
Simon Pegg, Nick Frost
Dead
92.1%
Living
2.6%
The _____ Zone (1983)
Christopher Walken, Brooke Adams
Dead
92%
Living
2.7%
The Evil _____ (1981)
Bruce Campbell, Ellen Sandweiss
Dead
91.7%
Living
3%
_____ Race 2000 (1975)
David Carradine, Sylvester Stallone
Death
91.5%
Life
3.4%
The _____ Aquatic with Steve Zissou (2004)
Bill Murray, Owen Wilson
Life
91.4%
Death
3.4%
A Stolen _____ (1946)
Bette Davis, Glenn Ford
Life
91.4%
Death
3.3%
_____ Ringers (1988)
Jeremy Irons, Geneviève Bujold
Dead
91.3%
Living
3.4%
Monty Python's _____ of Brian (1979)
Graham Chapman, John Cleese
Life
91.3%
Death
3.5%
The Year of _____ Dangerously (1982)
Mel Gibson, Sigourney Weaver
Living
91.1%
Dying
3.7%
A _____ Less Ordinary (1997)
Ewan McGregor, Cameron Diaz
Life
90.7%
Death
4%
_____ Is Beautiful (1997)
Roberto Benigni, Nicoletta Braschi
Life
90.6%
Death
4.3%
Defending Your _____ (1991)
Albert Brooks, Meryl Streep
Life
90.5%
Death
4.3%
_____ Becomes Her (1992)
Meryl Streep, Goldie Hawn
Death
90.4%
Life
4.5%
_____ at a Funeral (2007)
Matthew Macfadyen, Peter Dinklage
Death
90.4%
Life
4.4%
To _____ For (1995)
Nicole Kidman, Matt Dillon
Die
88.7%
Live
6%
The _____ Pool (1988)
Clint Eastwood, Patricia Clarkson
Dead
88.4%
Living
6.3%
An Unfinished _____ (2005)
Robert Redford, Jennifer Lopez
Life
88.2%
Death
6.6%
This Boy's _____ (1993)
Robert De Niro, Leonardo DiCaprio
Life
88.1%
Death
6.6%
_____ Young (1991)
Julia Roberts, Campbell Scott
Dying
87%
Living
7.8%
Lust for _____ (1956)
Kirk Douglas, Anthony Quinn
Life
86.4%
Death
8.3%
_____ Another Day (2002)
Pierce Brosnan, Halle Berry
Die
86.3%
Live
8.4%
_____ Calm (1989)
Nicole Kidman, Sam Neill
Dead
86.1%
Living
8.7%
The Quick and the _____ (1995)
Sharon Stone, Gene Hackman
Dead
85.8%
Living
9.1%
The _____ of Others (2006)
Ulrich Mühe, Martina Gedeck
Lives
84.7%
Deaths
10%
Dracula: _____ and Loving It (1995)
Leslie Nielsen, Mel Brooks
Dead
83.3%
Alive
11.5%
Me and Earl and the _____ Girl (2015)
Thomas Mann, Olivia Cooke
Dying
82.4%
Living
12.3%
_____ to Smoochy (2002)
Robin Williams, Edward Norton
Death
82.1%
Life
12.8%
You Only _____ Twice (1967)
Sean Connery, Akiko Wakabayashi
Live
82.1%
Die
12.8%
_____ on the Nile (1978)
Peter Ustinov, Mia Farrow
Death
79.9%
Life
14.9%
Murder by _____ (1976)
Peter Falk, Alec Guinness
Death
79.8%
Life
15%
The _____ of David Gale (2003)
Kevin Spacey, Kate Winslet
Life
74.5%
Death
20.2%
_____ or Something Like It (2002)
Angelina Jolie, Edward Burns
Life
73.2%
Death
21.7%
I Want to _____! (1958)
Susan Hayward, Simon Oakland
Live
66.5%
Die
28.3%
_____ Again (1991)
Kenneth Branagh, Emma Thompson
Dead
61%
Alive
33.7%

You're not logged in!

Compare scores with friends on all Sporcle quizzes.
OR
Log In
Forgot?

From the Vault

Famous Cartoon Eyes

by lt2009

Don't you get the feeling that this quiz is watching you?
Remove Ads.
Support Sporcle.
Get the best of Sporcle when you Go Orange. This ad-free experience offers more features, more stats, and more fun while also helping to support Sporcle. Thank you for becoming a member.

Show Comments

Extras

Top Quizzes Today


Score Distribution

Your Account Isn't Verified!

In order to create a playlist on Sporcle, you need to verify the email address you used during registration. Go to your Sporcle Settings to finish the process.

Report this User

Report this user for behavior that violates our Community Guidelines.

Details: